The Creole music of Surinam (Dutch Guiana)
Saved in:
| Other Authors: | |
|---|---|
| Format: | Audio |
| Language: | Creoles |
| Published: |
[New York] :
Folkways Records
p1978
|
| Series: | Ethnic folkways library.
Smithsonian global sound for libraries |
| Subjects: | |
| Tags: |
Add Tag
No Tags, Be the first to tag this record!
|
| LEADER | 01295njm a2200337I 4500 | ||
|---|---|---|---|
| 001 | 008317480-X | ||
| 005 | 20120717035242.0 | ||
| 008 | 801009p19781971nyufmn dik crp | ||
| 010 | |a 79762003 /R | ||
| 028 | 0 | 0 | |a FE 4233 |b Folkways |
| 035 | 0 | |a ocm06806600 | |
| 040 | |a DLC |c UIU |d UIU |d HMU | ||
| 041 | 0 | |e engcpr | |
| 043 | |a s-sr--- | ||
| 050 | 0 | |a M1687 | |
| 245 | 0 | 4 | |a The Creole music of Surinam (Dutch Guiana) |h [sound recording] |
| 260 | |a [New York] : |b Folkways Records |c p1978 | ||
| 300 | |a 1 sound disc : |b analog, 33 1/3 rpm, mono. ; |c 12 in. | ||
| 490 | 1 | |a Ethnic folkways library | |
| 500 | |a Durations given; program notes ([4] p.) inserted. | ||
| 511 | 0 | |a Various performers. | |
| 518 | |a Recorded in Coronie, Surinam, 1971-72. | ||
| 505 | 0 | |a W'odo-welcome song -- Two step dance -- Njan-njan-je ; welcome song to the spirit -- Kaseko poku -- Liba sei ; kaseko poku -- Na so mi jere -- Ke, ke, kele -- Winti medley -- kot'singi -- Wang boto -- Mooi-mooi-a-wei-sei -- Njoema njoema ; loboto singi -- Mi nan go. | |
| 650 | 0 | |a Folk music |z Suriname. | |
| 650 | 0 | |a Music |z Suriname. | |
| 650 | 0 | |a Folk songs, Creole. | |
| 700 | 1 | |a Entes, Clifford. | |
| 830 | 0 | |a Ethnic folkways library. | |
| 830 | 0 | |a Smithsonian global sound for libraries |5 net | |
| 988 | |a 20020608 | ||
| 906 | |0 DLC | ||


